UNFOLDED: (Record no. 216400)

MARC details
000 -LEADER
fixed length control field 00602nam a22001937a 4500
005 - DATE AND TIME OF LATEST TRANSACTION
control field 20260529143711.0
010 ## - LCCN (DPL NO)
LC control number ENG-148683
020 ## - INTERNATIONAL STANDARD BOOK NUMBER
International Standard Book Number 9789349042988
Terms of availability 450.00
035 ## - SYSTEM CONTROL NUMBER
System control number EN-132215
037 ## - SOURCE OF ACQUISITION
Source of stock number/acquisition DBAD
082 ## - DEWEY DECIMAL CLASSIFICATION NUMBER
Classification number N
Edition number 1
100 ## - MAIN ENTRY--PERSONAL NAME
Personal name Pankaj P Singh
245 ## - TITLE STATEMENT
Title UNFOLDED:
Remainder of title Fauji Speak on Civvy Street—How the Military Shapes the Way We Talk/
Statement of responsibility, etc Pankaj P Singh
250 ## - EDITION STATEMENT
Edition statement 1
260 ## - PUBLICATION, DISTRIBUTION, ETC. (IMPRINT)
Place of publication, distribution, etc Chandigarh
Name of publisher, distributor, etc The Browser
Date of publication, distribution, etc 2026
270 ## - ADDRESS
City Chandigarh
Address SCO 14-15, Sector 8-C
Postal code 160009
Electronic mail address service@thebrowser.org
300 ## - PHYSICAL DESCRIPTION
Extent 380p.
Dimensions 20cm(pb)
942 ## - ADDED ENTRY ELEMENTS (KOHA)
Source of classification or shelving scheme Dewey Decimal Classification
Item type English Books
Classification part 355.003
Call number suffix PAN
Holdings
Withdrawn status Lost status Not for loan Collection code Home library Current library Date acquired Source of acquisition Cost, normal purchase price Full call number Barcode Copy number Cost, replacement price Koha item type
      Non-fiction Tri Nagar Tri Nagar 29/05/2026 Delivery of Books Act Division 450.00 355.003 PAN EN-132215 1 455.00 English Books

© Delhi Public Library
Hit Counter
free hit counter